[Event "Williamson Sheild 2026"]
[Site "Maynard Sinclaire Pavilion, Stormont, Belfast, United Kingdom"]
[Date "2026.01.25"]
[Round "4.1"]
[White "Campbell, Andrew"]
[Black "Tahmanker, Mandar"]
[Result "0-1"]
[TimeControl "60' + 30\""]
[WhiteFideId "2518392"]
[BlackFideId "5019400"]
[WhiteElo "1904"]
[BlackElo "2081"]

1. Nf3 {[%clk 01:00:39]} {[%emt 00:00:46]} d5 {[%clk 01:01:11]} 2. g3 {[%clk
01:01:01]} {[%emt 00:00:06]} Nf6 {[%clk 01:01:22]} {[%emt 00:00:16]} 3. Bg2
{[%clk 01:01:26]} {[%emt 00:00:35]} g6 {[%clk 01:01:10]} {[%emt 00:00:15]} 4.
d3 {[%clk 01:01:08]} {[%emt 00:00:58]} Bg7 {[%clk 01:01:27]} {[%emt 00:00:33]}
5. O-O {[%clk 01:01:35]} O-O {[%clk 01:01:45]} {[%emt 00:00:05]} 6. Nc3 {[%clk
01:01:59]} d4 {[%clk 01:01:03]} {[%emt 00:00:56]} 7. Na4 {[%clk 01:02:24]}
{[%emt 00:00:26]} Nd5 {[%clk 00:59:24]} {[%emt 00:01:49]} 8. e4 {[%clk
00:58:22]} {[%emt 00:04:30]} dxe3 {[%clk 00:58:09]} {[%emt 00:01:45]} 9. fxe3
{[%clk 00:57:40]} {[%emt 00:01:11]} b5 {[%clk 00:49:32]} {[%emt 00:09:08]} 10.
Nc5 {[%clk 00:55:25]} {[%emt 00:02:45]} c6 {[%clk 00:48:23]} {[%emt 00:01:41]}
11. c4 {[%clk 00:49:44]} {[%emt 00:06:10]} bxc4 {[%clk 00:42:49]} {[%emt
00:06:13]} 12. dxc4 {[%clk 00:49:58]} {[%emt 00:00:33]} Nb6 {[%clk 00:42:26]}
{[%emt 00:00:26]} 13. Qe2 {[%clk 00:48:01]} {[%emt 00:02:27]} Qd6 {[%clk
00:39:39]} {[%emt 00:03:17]} 14. Nb3 {[%clk 00:46:00]} {[%emt 00:02:31]} Ba6
{[%clk 00:38:16]} {[%emt 00:01:53]} 15. Nfd2 {[%clk 00:43:03]} {[%emt
00:03:44]} N8d7 {[%clk 00:35:46]} {[%emt 00:02:54]} 16. Na5 {[%clk 00:38:17]}
{[%emt 00:05:10]} Rac8 {[%clk 00:35:27]} {[%emt 00:00:45]} 17. Rb1 {[%clk
00:36:18]} {[%emt 00:02:29]} Na4 {[%clk 00:26:26]} {[%emt 00:09:30]} 18. Qd1
{[%clk 00:33:39]} {[%emt 00:03:08]} Ndb6 {[%clk 00:21:53]} {[%emt 00:05:04]} 19.
Qc2 {[%clk 00:33:04]} {[%emt 00:01:05]} Qe6 {[%clk 00:15:05]} {[%emt 00:06:54]}
20. Re1 {[%clk 00:22:34]} {[%emt 00:10:54]} Rfd8 {[%clk 00:12:59]} {[%emt
00:03:07]} 21. Bf1 {[%clk 00:15:28]} {[%emt 00:07:36]} c5 {[%clk 00:06:54]}
{[%emt 00:06:34]} 22. Ne4 {[%clk 00:14:45]} {[%emt 00:01:13]} f5 {[%clk
00:06:26]} {[%emt 00:01:24]} 23. Nf2 {[%clk 00:11:59]} {[%emt 00:02:51]} Rc7
{[%clk 00:05:21]} {[%emt 00:01:36]} 24. Nh3 {[%clk 00:09:12]} {[%emt 00:03:20]}
Qe4 {[%clk 00:04:11]} {[%emt 00:01:35]} 25. Qxe4 {[%clk 00:08:51]} {[%emt
00:00:51]} fxe4 {[%clk 00:04:37]} {[%emt 00:00:07]} 26. Ng5 {[%clk 00:08:52]}
{[%emt 00:00:26]} Bc8 {[%clk 00:03:53]} {[%emt 00:01:34]} 27. Bg2 {[%clk
00:08:38]} {[%emt 00:00:24]} h6 {[%clk 00:04:16]} {[%emt 00:00:14]} 28. Nh3
{[%clk 00:07:44]} {[%emt 00:01:21]} g5 {[%clk 00:04:06]} {[%emt 00:00:36]} 29.
Nf2 {[%clk 00:08:06]} {[%emt 00:00:24]} Be6 {[%clk 00:04:21]} {[%emt 00:00:13]}
30. Bxe4 {[%clk 00:07:07]} {[%emt 00:01:46]} Nc8 {[%clk 00:02:08]} {[%emt
00:02:43]} 31. Rd1 {[%clk 00:03:29]} {[%emt 00:03:44]} Rxd1+ {[%clk 00:01:41]}
{[%emt 00:00:53]} 32. Nxd1 {[%clk 00:03:58]} {[%emt 00:00:19]} Rd7 {[%clk
00:02:02]} {[%emt 00:00:05]} 33. Bf3 {[%clk 00:03:56]} {[%emt 00:00:15]} g4
{[%clk 00:02:02]} {[%emt 00:00:33]} 34. Be2 {[%clk 00:04:20]} {[%emt 00:00:06]}
Bf5 {[%clk 00:02:19]} {[%emt 00:00:10]} 35. Ra1 {[%clk 00:03:19]} {[%emt
00:01:31]} h5 {[%clk 00:02:29]} {[%emt 00:00:46]} 36. Kf1 {[%clk 00:02:09]}
{[%emt 00:01:14]} Bc2 {[%clk 00:02:17]} {[%emt 00:00:42]} 37. Ke1 {[%clk
00:02:12]} {[%emt 00:00:29]} Bxd1 {[%clk 00:02:09]} {[%emt 00:00:39]} 38. Bxd1
{[%clk 00:02:34]} {[%emt 00:00:09]} Nxb2 {[%clk 00:02:35]} {[%emt 00:00:05]} 39.
Bxb2 {[%clk 00:00:56]} {[%emt 00:02:03]} Bxb2 {[%clk 00:02:54]} {[%emt
00:00:22]} 40. Nb3 {[%clk 00:01:16]} {[%emt 00:00:04]} Bxa1 {[%clk 00:02:31]}
{[%emt 00:01:11]} 41. Nxa1 {[%clk 00:01:45]} Nd6 {[%clk 00:02:01]} {[%emt
00:00:40]} 42. Be2 {[%clk 00:00:56]} {[%emt 00:01:18]} Kg7 {[%clk 00:02:23]}
{[%emt 00:00:08]} 43. Nb3 {[%clk 00:01:12]} {[%emt 00:00:24]} Rc7 {[%clk
00:02:49]} 44. Kf2 {[%clk 00:01:05]} {[%emt 00:00:35]} Kf6 {[%clk 00:03:12]}
{[%emt 00:00:09]} 45. Kg2 {[%clk 00:01:11]} {[%emt 00:00:30]} Ne4 {[%clk
00:02:06]} {[%emt 00:01:26]} 46. h3 {[%clk 00:01:18]} {[%emt 00:00:21]} gxh3+
{[%clk 00:02:26]} {[%emt 00:00:13]} 47. Kxh3 {[%clk 00:01:45]} {[%emt
00:00:05]} Kg5 {[%clk 00:02:53]} {[%emt 00:00:05]} 48. Kg2 {[%clk 00:01:36]}
{[%emt 00:00:44]} Nc3 {[%clk 00:03:14]} 49. Bf3 {[%clk 00:01:48]} {[%emt
00:00:17]} Nxa2 {[%clk 00:03:38]} {[%emt 00:00:07]} 50. Bd5 {[%clk 00:01:50]}
{[%emt 00:00:26]} Nb4 {[%clk 00:03:56]} {[%emt 00:00:41]} 51. Be4 {[%clk
00:01:56]} Na2 {[%clk 00:03:43]} {[%emt 00:00:37]} 52. Kf3 {[%clk 00:02:08]}
{[%emt 00:00:18]} Nc3 {[%clk 00:03:59]} {[%emt 00:00:15]} 53. Bd3 {[%clk
00:02:09]} {[%emt 00:00:38]} e5 {[%clk 00:03:41]} {[%emt 00:01:05]} 54. Kg2
{[%clk 00:01:51]} {[%emt 00:00:24]} Nd1 {[%clk 00:03:26]} {[%emt 00:00:42]} 55.
Kf3 {[%clk 00:02:01]} {[%emt 00:00:20]} Nb2 {[%clk 00:03:37]} {[%emt 00:00:43]}
56. Be2 {[%clk 00:02:16]} Na4 {[%clk 00:03:30]} {[%emt 00:00:28]} 57. Bd3
{[%clk 00:02:18]} {[%emt 00:00:28]} Rf7+ {[%clk 00:03:37]} {[%emt 00:00:44]} 58.
Ke4 {[%clk 00:02:13]} {[%emt 00:00:15]} Re7 {[%clk 00:03:22]} {[%emt 00:00:45]}
59. Kd5 {[%clk 00:02:07]} {[%emt 00:00:36]} Rd7+ {[%clk 00:03:35]} {[%emt
00:00:18]} 60. Kd4 {[%emt 00:00:20]} 0-1

[ePGN "0.1;DGT LiveChess/2.2.7"]

[Event "Williamson Sheild 2026"]
[Site "Maynard Sinclaire Pavilion, Stormont, Belfast, United Kingdom"]
[Date "2026.01.25"]
[Round "4.2"]
[White "Alwin, Micheal"]
[Black "Coler, Ethan"]
[Result "0-1"]
[TimeControl "60' + 30\""]
[WhiteFideId "25150103"]
[BlackFideId "2514818"]
[WhiteElo "1852"]
[BlackElo "2018"]

1. e4 {[%clk 01:00:59]} {[%emt 00:00:18]} e6 {[%clk 01:00:58]} 2. d4 {[%clk
01:01:23]} d5 {[%clk 01:01:27]} 3. exd5 {[%clk 01:01:48]} {[%emt 00:00:05]}
exd5 {[%clk 01:01:56]} 4. Bd3 {[%clk 01:01:54]} {[%emt 00:00:22]} Bd6 {[%clk
01:02:22]} {[%emt 00:00:05]} 5. Nf3 {[%clk 01:02:15]} {[%emt 00:00:07]} Nc6
{[%clk 01:02:49]} {[%emt 00:00:05]} 6. O-O {[%clk 01:02:29]} {[%emt 00:00:16]}
Bg4 {[%clk 01:02:42]} {[%emt 00:00:33]} 7. Be3 {[%clk 01:02:36]} {[%emt
00:00:41]} Nge7 {[%clk 01:02:57]} {[%emt 00:00:04]} 8. c4 {[%clk 01:02:27]}
{[%emt 00:00:31]} dxc4 {[%clk 01:01:57]} {[%emt 00:02:02]} 9. Bxc4 {[%clk
01:02:52]} Qd7 {[%clk 01:00:50]} {[%emt 00:01:14]} 10. Bb5 {[%clk 01:02:18]}
{[%emt 00:01:28]} a6 {[%clk 01:00:08]} {[%emt 00:00:46]} 11. Ba4 {[%clk
01:00:45]} {[%emt 00:02:03]} Qf5 {[%clk 00:53:41]} {[%emt 00:06:55]} 12. Nbd2
{[%clk 00:58:59]} {[%emt 00:02:17]} Qg6 {[%clk 00:48:28]} {[%emt 00:05:42]} 13.
d5 {[%clk 00:41:17]} {[%emt 00:18:12]} Nxd5 {[%clk 00:42:53]} {[%emt 00:06:05]}
14. Nc4 {[%clk 00:38:53]} {[%emt 00:02:54]} Nxe3 {[%clk 00:41:03]} {[%emt
00:02:20]} 15. Nxe3 {[%clk 00:38:47]} {[%emt 00:00:36]} O-O {[%clk 00:37:39]}
{[%emt 00:03:53]} 16. Nxg4 {[%clk 00:35:57]} {[%emt 00:03:19]} Qxg4 {[%clk
00:38:03]} {[%emt 00:00:46]} 17. Bxc6 {[%clk 00:36:22]} bxc6 {[%clk 00:38:24]}
{[%emt 00:00:04]} 18. Qc2 {[%clk 00:36:10]} {[%emt 00:00:21]} c5 {[%clk
00:38:13]} {[%emt 00:00:34]} 19. Rfe1 {[%clk 00:36:28]} {[%emt 00:00:15]} Rfe8
{[%clk 00:37:14]} {[%emt 00:01:26]} 20. h3 {[%clk 00:36:52]} {[%emt 00:00:35]}
Qf4 {[%clk 00:35:49]} {[%emt 00:01:57]} 21. Qd2 {[%clk 00:31:43]} {[%emt
00:05:09]} Qxd2 {[%clk 00:34:27]} {[%emt 00:01:52]} 22. Nxd2 {[%clk 00:32:11]}
{[%emt 00:00:23]} Rxe1+ {[%clk 00:33:55]} {[%emt 00:00:40]} 23. Rxe1 {[%clk
00:32:33]} {[%emt 00:00:45]} Kf8 {[%clk 00:34:14]} 24. Kf1 {[%clk 00:33:00]}
{[%emt 00:00:04]} Re8 {[%clk 00:34:27]} 25. Rxe8+ {[%clk 00:33:12]} {[%emt
00:00:08]} Kxe8 {[%clk 00:34:52]} {[%emt 00:00:33]} 26. Ke2 {[%clk 00:33:35]}
{[%emt 00:00:05]} Kd7 {[%clk 00:33:53]} {[%emt 00:01:04]} 27. Kd3 {[%clk
00:33:59]} {[%emt 00:00:45]} Kc6 {[%clk 00:31:29]} {[%emt 00:02:41]} 28. Kc4
{[%clk 00:31:05]} {[%emt 00:03:15]} h6 {[%clk 00:31:14]} {[%emt 00:00:55]} 29.
g4 {[%clk 00:31:23]} {[%emt 00:00:04]} g6 {[%clk 00:29:52]} {[%emt 00:02:14]}
30. b3 {[%clk 00:26:26]} {[%emt 00:04:47]} f5 {[%clk 00:29:28]} {[%emt
00:01:03]} 31. gxf5 {[%clk 00:26:26]} {[%emt 00:00:46]} gxf5 {[%clk 00:29:55]}
{[%emt 00:00:04]} 32. Nf3 {[%clk 00:26:44]} Kd7 {[%clk 00:30:07]} {[%emt
00:00:09]} 33. Ne1 {[%clk 00:26:37]} {[%emt 00:00:34]} h5 {[%clk 00:18:48]}
{[%emt 00:11:49]} 34. Nd3 {[%clk 00:26:23]} {[%emt 00:00:43]} Kc6 {[%clk
00:18:59]} {[%emt 00:00:19]} 35. Ne1 {[%clk 00:26:34]} {[%emt 00:00:40]} f4
{[%clk 00:14:14]} {[%emt 00:04:56]} 36. f3 {[%clk 00:26:48]} {[%emt 00:00:13]}
Kb6 {[%clk 00:12:56]} {[%emt 00:01:49]} 37. Nd3 {[%clk 00:26:58]} {[%emt
00:00:48]} Kc6 {[%clk 00:10:45]} {[%emt 00:02:11]} 38. Nf2 {[%clk 00:27:13]}
{[%emt 00:00:36]} Kb6 {[%clk 00:09:34]} {[%emt 00:01:20]} 39. Ne4 {[%clk
00:27:34]} {[%emt 00:00:39]} Be7 {[%clk 00:09:51]} 40. Nf2 {[%clk 00:26:59]}
{[%emt 00:00:47]} Kc6 {[%clk 00:09:23]} {[%emt 00:00:59]} 41. Ne4 {[%clk
00:27:25]} {[%emt 00:00:09]} Kb6 {[%clk 00:09:40]} {[%emt 00:00:11]} 42. Nf2
{[%clk 00:27:44]} {[%emt 00:00:13]} Kc6 {[%clk 00:08:40]} {[%emt 00:01:24]} 43.
Ne4 {[%clk 00:27:43]} {[%emt 00:00:41]} Kb6 {[%clk 00:05:58]} {[%emt 00:03:04]}
44. Nf2 {[%clk 00:25:35]} {[%emt 00:02:38]} Kc6 {[%clk 00:06:01]} {[%emt
00:00:26]} 45. Ne4 {[%clk 00:25:50]} {[%emt 00:00:44]} Kb6 {[%clk 00:05:55]}
{[%emt 00:00:10]} 46. Kd5 {[%clk 00:24:37]} {[%emt 00:01:40]} Kb5 {[%clk
00:05:28]} {[%emt 00:01:38]} 47. Ke5 {[%clk 00:24:44]} {[%emt 00:00:05]} Kb4
{[%clk 00:04:51]} {[%emt 00:00:42]} 48. Kxf4 {[%clk 00:24:47]} {[%emt
00:00:50]} Ka3 {[%clk 00:05:12]} 49. Ke5 {[%clk 00:24:54]} {[%emt 00:00:38]}
Kxa2 {[%clk 00:05:18]} {[%emt 00:00:09]} 50. Ke6 {[%clk 00:24:57]} {[%emt
00:00:16]} Bf8 {[%clk 00:05:16]} {[%emt 00:00:51]} 51. Nd2 {[%clk 00:24:53]}
{[%emt 00:00:23]} Bh6 {[%clk 00:04:34]} {[%emt 00:01:31]} 52. Ne4 {[%clk
00:24:47]} {[%emt 00:00:10]} Be3 {[%clk 00:04:52]} {[%emt 00:00:11]} 53. f4
{[%clk 00:24:58]} {[%emt 00:00:18]} Kxb3 {[%clk 00:04:40]} {[%emt 00:00:43]} 54.
f5 {[%clk 00:25:25]} {[%emt 00:00:37]} c4 {[%clk 00:04:47]} {[%emt 00:00:04]}
55. f6 {[%clk 00:25:12]} {[%emt 00:00:27]} c3 {[%clk 00:05:01]} {[%emt
00:00:49]} 56. f7 {[%clk 00:25:09]} {[%emt 00:00:04]} Bh6 {[%clk 00:05:25]}
{[%emt 00:00:05]} 57. Nc5+ {[%clk 00:25:29]} {[%emt 00:00:16]} Kc4 {[%clk
00:04:58]} {[%emt 00:00:47]} 58. Ne4 {[%clk 00:25:36]} {[%emt 00:00:43]} c2
{[%clk 00:05:10]} {[%emt 00:00:04]} 59. Nd2+ {[%clk 00:26:05]} Kc3 {[%clk
00:05:31]} {[%emt 00:00:10]} 60. Ne4+ {[%clk 00:26:15]} {[%emt 00:00:56]} Kd3
{[%clk 00:05:33]} {[%emt 00:00:04]} 61. Nc5+ {[%clk 00:26:43]} Kc4 {[%clk
00:05:48]} {[%emt 00:00:04]} 62. Nd7 {[%clk 00:27:00]} {[%emt 00:00:10]} c1=Q
{[%clk 00:06:07]} {[%emt 00:00:31]} 63. f8=Q {[%clk 00:27:25]} Bxf8 {[%clk
00:06:24]} {[%emt 00:00:15]} 64. Nxf8 {[%clk 00:27:37]} Qe3+ {[%clk 00:06:45]}
{[%emt 00:00:12]} 65. Kd7 {[%clk 00:28:02]} {[%emt 00:00:09]} Qxh3+ {[%clk
00:07:04]} {[%emt 00:00:04]} 66. Kc6 {[%clk 00:28:29]} {[%emt 00:00:16]} Qf5
{[%clk 00:07:12]} {[%emt 00:00:13]} 67. Nd7 {[%clk 00:28:50]} {[%emt 00:00:05]}
Qxd7+ {[%clk 00:07:34]} {[%emt 00:00:13]} 68. Kxd7 {[%clk 00:29:17]} {[%emt
00:00:04]} a5 {[%clk 00:07:54]} {[%emt 00:00:06]} 69. Kxc7 {[%clk 00:29:33]}
{[%emt 00:00:45]} a4 {[%clk 00:08:21]} 70. Kd6 {[%clk 00:29:56]} a3 {[%clk
00:08:47]} 71. Ke5 {[%clk 00:30:10]} {[%emt 00:00:05]} a2 {[%clk 00:09:12]}
{[%emt 00:00:04]} 72. Kf5 {[%clk 00:30:38]} a1=Q {[%clk 00:09:24]} {[%emt
00:00:12]} 73. Kg5 {[%clk 00:31:05]} {[%emt 00:00:43]} Qg7+ {[%clk 00:09:42]}
74. Kxh5 {[%clk 00:31:34]} {[%emt 00:00:04]} Kd4 {[%clk 00:10:05]} 75. Kh4
{[%clk 00:31:55]} Ke4 {[%clk 00:10:30]} 76. Kh3 {[%clk 00:31:48]} {[%emt
00:00:46]} Kf3 {[%clk 00:10:53]} 77. Kh4 {[%clk 00:32:14]} {[%emt 00:00:05]}
Qg4+ {[%clk 00:11:14]} 0-1

[ePGN "0.1;DGT LiveChess/2.2.7"]

[Event "Williamson Sheild 2026"]
[Site "Maynard Sinclaire Pavilion, Stormont, Belfast, United Kingdom"]
[Date "2026.01.25"]
[Round "4.3"]
[White "Landmark, Gabriel"]
[Black "Annesley, Gareth"]
[Result "1-0"]
[TimeControl "60' + 30\""]
[WhiteFideId "2524848"]
[BlackFideId "250762"]
[WhiteElo "1953"]
[BlackElo "1920"]

1. e4 {[%clk 01:00:59]} {[%emt 00:00:36]} e5 {[%clk 00:57:01]} {[%emt
00:03:25]} 2. Nc3 {[%clk 01:01:22]} {[%emt 00:00:50]} Nf6 {[%clk 00:57:02]} 3.
Bc4 {[%clk 01:01:47]} Bc5 {[%clk 00:56:37]} {[%emt 00:00:46]} 4. d3 {[%clk
01:01:29]} {[%emt 00:00:56]} h6 {[%clk 00:56:31]} {[%emt 00:01:11]} 5. h3
{[%clk 01:01:50]} O-O {[%clk 00:56:25]} {[%emt 00:00:05]} 6. Nge2 {[%clk
01:02:13]} {[%emt 00:00:05]} c6 {[%clk 00:56:30]} {[%emt 00:00:23]} 7. O-O
{[%clk 00:59:28]} {[%emt 00:03:14]} d5 {[%clk 00:56:42]} {[%emt 00:00:45]} 8.
exd5 {[%clk 00:59:46]} {[%emt 00:00:04]} cxd5 {[%clk 00:57:04]} 9. Bb3 {[%clk
01:00:05]} {[%emt 00:00:09]} Nc6 {[%clk 00:57:01]} {[%emt 00:00:26]} 10. Na4
{[%clk 00:58:04]} {[%emt 00:02:34]} Bd6 {[%clk 00:56:59]} {[%emt 00:00:29]} 11.
d4 {[%clk 00:58:08]} {[%emt 00:00:34]} Re8 {[%clk 00:46:32]} {[%emt 00:10:53]}
12. dxe5 {[%clk 00:52:43]} {[%emt 00:05:51]} Bxe5 {[%clk 00:38:39]} {[%emt
00:08:24]} 13. Bf4 {[%clk 00:50:09]} {[%emt 00:03:12]} d4 {[%clk 00:32:25]}
{[%emt 00:07:15]} 14. Nc5 {[%clk 00:46:08]} {[%emt 00:03:50]} Qa5 {[%clk
00:27:37]} {[%emt 00:05:21]} 15. Nd3 {[%clk 00:42:31]} {[%emt 00:04:08]} Bxf4
{[%clk 00:27:52]} {[%emt 00:00:44]} 16. Nexf4 {[%clk 00:42:41]} {[%emt
00:00:09]} Qg5 {[%clk 00:26:16]} {[%emt 00:01:44]} 17. Qf3 {[%clk 00:40:21]}
{[%emt 00:02:54]} h5 {[%clk 00:19:20]} {[%emt 00:07:26]} 18. Rfe1 {[%clk
00:31:16]} {[%emt 00:09:31]} Bf5 {[%clk 00:17:59]} {[%emt 00:01:49]} 19. Nd5
{[%clk 00:27:22]} {[%emt 00:04:29]} Nxd5 {[%clk 00:14:26]} {[%emt 00:04:01]} 20.
Bxd5 {[%clk 00:27:34]} {[%emt 00:00:47]} h4 {[%clk 00:10:06]} {[%emt 00:04:48]}
21. Bxc6 {[%clk 00:25:55]} {[%emt 00:01:42]} bxc6 {[%clk 00:09:42]} {[%emt
00:00:54]} 22. Qxc6 {[%clk 00:22:42]} {[%emt 00:04:00]} Rec8 {[%clk 00:08:30]}
{[%emt 00:01:25]} 23. Qd5 {[%clk 00:19:36]} {[%emt 00:03:38]} Rab8 {[%clk
00:08:25]} {[%emt 00:00:33]} 24. Re2 {[%clk 00:18:24]} {[%emt 00:02:07]} Rd8
{[%clk 00:06:31]} {[%emt 00:01:58]} 25. Qf3 {[%clk 00:18:06]} {[%emt 00:00:48]}
Rb5 {[%clk 00:05:07]} {[%emt 00:01:54]} 26. Rae1 {[%clk 00:16:55]} {[%emt
00:01:41]} Be6 {[%clk 00:04:48]} {[%emt 00:00:52]} 27. Re5 {[%clk 00:16:52]}
{[%emt 00:00:32]} Rxe5 {[%clk 00:05:03]} {[%emt 00:00:15]} 28. Rxe5 {[%clk
00:16:36]} {[%emt 00:00:42]} Qh6 {[%clk 00:04:19]} {[%emt 00:01:14]} 29. Qe2
{[%clk 00:13:18]} {[%emt 00:03:46]} Qf6 {[%clk 00:02:50]} {[%emt 00:02:01]} 30.
b3 {[%clk 00:11:26]} {[%emt 00:02:29]} Rc8 {[%clk 00:02:47]} {[%emt 00:00:27]}
31. Ra5 {[%clk 00:09:14]} {[%emt 00:02:42]} Rc7 {[%clk 00:02:23]} {[%emt
00:00:54]} 32. Rc5 {[%clk 00:06:43]} {[%emt 00:02:59]} Rxc5 {[%clk 00:01:24]}
{[%emt 00:01:30]} 33. Nxc5 {[%clk 00:07:04]} {[%emt 00:00:45]} Bxh3 {[%clk
00:01:23]} {[%emt 00:00:10]} 34. Qe8+ {[%clk 00:03:08]} {[%emt 00:04:12]} Kh7
{[%clk 00:01:49]} {[%emt 00:00:32]} 35. gxh3 {[%clk 00:03:15]} {[%emt
00:00:09]} Qg5+ {[%clk 00:02:04]} {[%emt 00:00:05]} 36. Kf1 {[%clk 00:03:16]}
{[%emt 00:00:22]} Qxc5 {[%clk 00:02:30]} {[%emt 00:00:16]} 37. Qxf7 {[%clk
00:02:58]} {[%emt 00:00:38]} Qxc2 {[%clk 00:01:12]} {[%emt 00:01:48]} 38. Qh5+
{[%clk 00:02:40]} {[%emt 00:00:49]} Kg8 {[%clk 00:01:40]} {[%emt 00:00:13]} 39.
Qd5+ {[%clk 00:03:00]} {[%emt 00:00:16]} Kh8 {[%clk 00:01:45]} {[%emt
00:00:33]} 40. Qxd4 {[%clk 00:03:04]} {[%emt 00:00:09]} Qc1+ {[%clk 00:01:04]}
{[%emt 00:01:03]} 41. Kg2 {[%clk 00:03:05]} {[%emt 00:00:50]} Qg5+ {[%clk
00:01:20]} {[%emt 00:00:04]} 42. Kh2 {[%clk 00:03:18]} {[%emt 00:00:05]} a5
{[%clk 00:01:10]} {[%emt 00:00:41]} 43. Qe3 {[%clk 00:03:01]} {[%emt 00:00:48]}
Qd8 {[%clk 00:01:28]} {[%emt 00:00:31]} 44. Qe5 {[%clk 00:03:18]} {[%emt
00:00:08]} Kg8 {[%clk 00:01:26]} {[%emt 00:00:59]} 45. Kg2 {[%clk 00:03:32]}
Kf8 {[%clk 00:00:54]} {[%emt 00:01:15]} 46. Kf3 {[%clk 00:03:35]} {[%emt
00:00:12]} Qd1+ {[%clk 00:00:55]} {[%emt 00:00:22]} 47. Qe2 {[%clk 00:03:00]}
{[%emt 00:00:47]} Qh1+ {[%clk 00:01:16]} {[%emt 00:00:38]} 48. Kg4 {[%clk
00:03:03]} {[%emt 00:00:05]} Qg2+ {[%clk 00:00:44]} {[%emt 00:00:54]} 49. Kxh4
{[%clk 00:02:55]} {[%emt 00:00:37]} g5+ {[%clk 00:00:48]} {[%emt 00:00:36]} 50.
Kh5 {[%clk 00:03:14]} {[%emt 00:00:04]} Qxh3+ {[%clk 00:00:51]} {[%emt
00:00:25]} 51. Kxg5 {[%clk 00:03:35]} {[%emt 00:00:39]} Qg2+ {[%clk 00:01:08]}
52. Qg4 {[%clk 00:03:31]} {[%emt 00:01:04]} 1-0

[ePGN "0.1;DGT LiveChess/2.2.7"]

[Event "Williamson Sheild 2026"]
[Site "Maynard Sinclaire Pavilion, Stormont, Belfast, United Kingdom"]
[Date "2026.01.25"]
[Round "4.4"]
[White "Scannel, Steve"]
[Black "Bradshaw, Jack"]
[Result "1-0"]
[TimeControl "60' + 30\""]
[WhiteFideId "2501104"]
[BlackFideId "2542021"]
[WhiteElo "2042"]
[BlackElo "1790"]

1. d4 {[%clk 01:00:43]} {[%emt 00:00:15]} e6 {[%clk 01:00:55]} {[%emt
00:00:16]} 2. Nf3 {[%clk 01:01:04]} {[%emt 00:00:05]} c5 {[%clk 01:01:18]}
{[%emt 00:00:09]} 3. e3 {[%clk 01:01:03]} {[%emt 00:00:48]} Nf6 {[%clk
01:01:29]} {[%emt 00:00:04]} 4. Bd3 {[%clk 01:01:14]} {[%emt 00:00:20]} d5
{[%clk 01:01:35]} {[%emt 00:00:15]} 5. b3 {[%clk 01:01:22]} {[%emt 00:00:22]}
Bd6 {[%clk 01:01:15]} {[%emt 00:00:50]} 6. Nbd2 {[%clk 01:01:37]} {[%emt
00:00:15]} Nc6 {[%clk 01:01:00]} {[%emt 00:00:52]} 7. a3 {[%clk 01:01:58]}
{[%emt 00:00:04]} O-O {[%clk 01:01:08]} {[%emt 00:00:48]} 8. Bb2 {[%clk
01:02:19]} b6 {[%clk 00:59:52]} {[%emt 00:01:29]} 9. Ne5 {[%clk 01:02:30]}
{[%emt 00:00:19]} Bb7 {[%clk 00:58:04]} {[%emt 00:02:16]} 10. O-O {[%clk
01:02:26]} {[%emt 00:00:33]} cxd4 {[%clk 00:56:12]} {[%emt 00:02:22]} 11. exd4
{[%clk 01:02:44]} {[%emt 00:00:43]} Ne7 {[%clk 00:53:29]} {[%emt 00:02:43]} 12.
Qe2 {[%clk 01:02:10]} {[%emt 00:01:06]} Ng6 {[%clk 00:52:29]} {[%emt 00:01:29]}
13. f4 {[%clk 01:02:26]} {[%emt 00:00:41]} Qc7 {[%clk 00:49:53]} {[%emt
00:02:38]} 14. Rac1 {[%clk 00:54:58]} {[%emt 00:07:58]} Qe7 {[%clk 00:48:46]}
{[%emt 00:02:02]} 15. a4 {[%clk 00:50:52]} {[%emt 00:04:12]} Rac8 {[%clk
00:46:17]} {[%emt 00:02:58]} 16. g4 {[%clk 00:48:59]} {[%emt 00:02:37]} Ne8
{[%clk 00:42:00]} {[%emt 00:04:44]} 17. g5 {[%clk 00:48:12]} {[%emt 00:01:06]}
Nxe5 {[%clk 00:36:00]} {[%emt 00:06:31]} 18. dxe5 {[%clk 00:46:59]} {[%emt
00:01:41]} Bc5+ {[%clk 00:36:03]} {[%emt 00:00:51]} 19. Kg2 {[%clk 00:47:24]}
g6 {[%clk 00:34:22]} {[%emt 00:02:37]} 20. Kg3 {[%clk 00:46:20]} {[%emt
00:00:51]} Ng7 {[%clk 00:34:04]} {[%emt 00:00:49]} 21. h4 {[%clk 00:45:06]}
{[%emt 00:01:57]} Nh5+ {[%clk 00:33:42]} {[%emt 00:01:03]} 22. Kg4 {[%clk
00:44:22]} {[%emt 00:00:47]} Rcd8 {[%clk 00:30:48]} {[%emt 00:03:27]} 23. Nf3
{[%clk 00:43:57]} {[%emt 00:00:53]} Bc6 {[%clk 00:26:40]} {[%emt 00:04:39]} 24.
Nd4 {[%clk 00:42:29]} {[%emt 00:01:59]} Bxd4 {[%clk 00:26:44]} {[%emt
00:00:23]} 25. Bxd4 {[%clk 00:42:51]} {[%emt 00:00:35]} Qb4 {[%clk 00:26:10]}
{[%emt 00:00:38]} 26. Qe3 {[%clk 00:42:23]} {[%emt 00:00:58]} Bd7 {[%clk
00:25:18]} {[%emt 00:01:21]} 27. Ra1 {[%clk 00:38:16]} {[%emt 00:04:36]} Qa5
{[%clk 00:21:24]} {[%emt 00:04:52]} 28. c3 {[%clk 00:38:08]} {[%emt 00:00:11]}
b5 {[%clk 00:19:29]} {[%emt 00:02:50]} 29. axb5 {[%clk 00:38:28]} {[%emt
00:00:14]} Qc7 {[%clk 00:19:41]} 30. Rxa7 {[%clk 00:38:41]} {[%emt 00:00:18]}
1-0

[ePGN "0.1;DGT LiveChess/2.2.7"]